Proceedings of the International Workshop on Quantum Effects in the MSSM (Record no. 531136)
[ view plain ]
| 000 -LEADER | |
|---|---|
| fixed length control field | 00390nam a2200133Ia 4500 |
| 008 - FIXED-LENGTH DATA ELEMENTS--GENERAL INFORMATION | |
| fixed length control field | 191014s9999 xx 000 0 und d |
| 020 ## - INTERNATIONAL STANDARD BOOK NUMBER | |
| International Standard Book Number | 981-02-3450-3 |
| 082 ## - DEWEY DECIMAL CLASSIFICATION NUMBER | |
| Classification number | 530.5 |
| Author Mark | SOL |
| 100 ## - MAIN ENTRY--PERSONAL NAME | |
| Personal name | Joan Sola |
| 9 (RLIN) | 23982 |
| 245 #0 - TITLE STATEMENT | |
| Title | Proceedings of the International Workshop on Quantum Effects in the MSSM |
| 260 ## - PUBLICATION, DISTRIBUTION, ETC. | |
| Place of publication, distribution, etc. | Singapore |
| Name of publisher, distributor, etc. | World Scientific Company |
| Date of publication, distribution, etc. | 1998 |
| 300 ## - PHYSICAL DESCRIPTION | |
| Extent | Xi,450 |
| 942 ## - ADDED ENTRY ELEMENTS (KOHA) | |
| Koha item type | Book |
| Withdrawn status | Lost status | Damaged status | Not for loan | Permanent Location | Current Location | Date acquired | Source of acquisition | Cost, normal purchase price | Total Checkouts | Full call number | Barcode | Date last seen | Price effective from | Koha item type |
|---|---|---|---|---|---|---|---|---|---|---|---|---|---|---|
| School of Natural Sciences (SNS) | School of Natural Sciences (SNS) | 10/15/2019 | Donation | 0.00 | 530.5SOL | SNS0002913 | 12/13/2022 | 10/15/2019 | Book |
